| 000 | 00495nam a22001817a 4500 | ||
|---|---|---|---|
| 003 | BD-ChCU | ||
| 005 | 20251125091455.0 | ||
| 008 | 251125b bg ||||| |||| 00| 0 ben d | ||
| 040 | _cBD-ChCU | ||
| 082 | _a658 SPI | ||
| 100 |
_aSpriegel ,William R. _916816 |
||
| 245 |
_aIndustrial management ./ _cR.William , Spriegel |
||
| 250 | _a4th ed. | ||
| 260 |
_aNew York : _bJohn wiley & sons , _cC 1947 |
||
| 300 | _axiii ,665p | ||
| 650 | 0 |
_aIndustrial Management. _916817 |
|
| 942 |
_2ddc _cBK _n0 |
||
| 999 |
_c109786 _d109786 |
||